Catálogo

Unbound : (Registro nro. 70802)

Detalles MARC
000 -LEADER
fixed length control field 01331nam a2200337 i 4500
001 - CONTROL NUMBER
control field 70802
003 - CONTROL NUMBER IDENTIFIER
control field Mx-PuUPA
005 - DATE AND TIME OF LATEST TRANSACTION
control field 20240130104858.0
008 - FIXED-LENGTH DATA ELEMENTS--GENERAL INFORMATION
fixed length control field 240125s2021 nyua gr 000 0 eng d
020 ## - INTERNATIONAL STANDARD BOOK NUMBER
International Standard Book Number 9780525648116
040 ## - CATALOGING SOURCE
Original cataloging agency Mx-PuUPA
Language of cataloging spa
Transcribing agency Mx-PuUPA
Modifying agency Mx-PuUPA
Description conventions rda
041 ## - LANGUAGE CODE
Language code of text/sound track or separate title eng
100 1# - MAIN ENTRY--PERSONAL NAME
Personal name Scott, Joyce,
Fuller form of name (Joyce Wallace),
Dates associated with a name 1943-
9 (RLIN) 15277
Relator term autor
245 10 - TITLE STATEMENT
Title Unbound :
Remainder of title the life + art of Judith Scott /
Statement of responsibility, etc. Joyce Scott with Brie Spangler and Melissa Sweet
250 ## - EDITION STATEMENT
Edition statement First edition
264 ## - PRODUCTION, PUBLICATION, DISTRIBUTION, MANUFACTURE, AND COPYRIGHT NOTICE
Place of production, publication, distribution, manufacture New York :
Name of producer, publisher, distributor, manufacturer Alfred A. Knopf,
Date of production, publication, distribution, manufacture, or copyright notice 2021
300 ## - PHYSICAL DESCRIPTION
Extent 39 páginas :
Other physical details ilustraciones (a color) ;
Dimensions 26 cm
336 ## - CONTENT TYPE
Fuente rdacontent
Content type term texto
Content type code txt
337 ## - MEDIA TYPE
Source rdamedia
Media type term sin medio
Media type code n
338 ## - CARRIER TYPE
Source rdacarrier
Carrier type term volumen
Carrier type code nc
600 04 - SUBJECT ADDED ENTRY--PERSONAL NAME
Personal name Scott, Judith,
General subdivision Literatura juvenil
Dates associated with a name 1943-2005
650 #7 - SUBJECT ADDED ENTRY--TOPICAL TERM
Source of heading or term armarc
Topical term or geographic name entry element Síndrome de Down
General subdivision Pacientes como artistas
Form subdivision Biografía
General subdivision Literatura juvenil
Geographic subdivision Estados Unidos
650 #7 - SUBJECT ADDED ENTRY--TOPICAL TERM
Source of heading or term armarc
Topical term or geographic name entry element Artistas
Form subdivision Biografía
General subdivision Literatura juvenil
Geographic subdivision Estados Unidos
650 #7 - SUBJECT ADDED ENTRY--TOPICAL TERM
Source of heading or term armarc
Topical term or geographic name entry element Mellizos
Form subdivision Biografía
General subdivision Literatura juvenil
Geographic subdivision Estados Unidos
700 1# - ADDED ENTRY--PERSONAL NAME
Personal name Sweet, Melisa,
Relator term ilustrador
942 ## - ADDED ENTRY ELEMENTS (KOHA)
Source of classification or shelving scheme Dewey Decimal Classification
Koha item type Libro
Classification part 730.92
Item part S42
Existencias
Withdrawn status Lost status Source of classification or shelving scheme Damaged status Not for loan Collection code Home library Current library Shelving location Date acquired Source of acquisition Cost, normal purchase price Total Checkouts Full call number Barcode Date last seen Date last checked out Cost, replacement price Price effective from Koha item type
    Dewey Decimal Classification     Infantil Biblioteca Karol Wojtyla Biblioteca Karol Wojtyla Área de silencio 19/01/2024 2 453.84 1 730.92 S42 2021 104256 05/01/2026 29/02/2024 453.84 19/01/2024 Libro infantil